| 000 | 01127cab a22002055a 4500 | ||
|---|---|---|---|
| 001 | L138750 | ||
| 008 | 070709e20070621xxko f 000 0 eng d | ||
| 035 | _a(Sirsi) u138750 | ||
| 041 | 0 | _aeng | |
| 100 | 1 | _aBlackman, David | |
| 245 | 0 | 2 | _aA master plan? |
| 260 | _c2007 | ||
| 490 |
_aLaw Society's Gazette _v104(25) 21 June 2007, 24-25(2) |
||
| 520 | _aExamines implications of the Planning White Paper. Details the structure of the independent planning commission. Criticism of the changes to the planning appeals process is reported, particularly regarding the charging of fees. Local development frameworks will also be simplified. The incoming chairman of the Law Society argues that changes have been designed to reduce the involvement of lawyers in the process. Suggests that in the short term planning lawyers will obtain more work, but within five years there will be fewer lawyers working within the planning sector. | ||
| 590 | _aKA | ||
| 650 | 2 | 4 | _aPLANNING WHITE PAPER 2007 |
| 651 | 4 |
_aUnited Kingdom _y |
|
| 690 | _aENVIRONMENTAL AND LAND CONSULTANCY-PLANNING AND DEVELOPMENT-PLANNING REFORM | ||
| 942 | _n0 | ||
| 999 |
_c78979 _d78979 |
||